DSP CLASSES - Statistics

General Stats
  • This quiz has been taken 5 times
  • The average score is 44 of 87
Answer Stats
Hint Answer % Correct
Fiona Chen's big, current VPR Amber Chia
100%
Kaden Lau's big Jacob Mani
100%
Karen Chen's big Jason Gu
100%
Scarlett Jeffries's little, Alpha Tau PE Aleni Rogers
67%
Elena Khan's big Allan Tran
67%
Sophie He's big Allyson Chan
67%
Alpha Tau PMom Angelina Vo
67%
Claire Yoo's big Anushka Purohit
67%
Rohan Nigam's big Arnav Ghai
67%
Ayaka Ikeda's big Audrey Lim
67%
Sophia Chan's big Austin Tran
67%
Hady Chehime's big Ayaka Ikeda
67%
Elsa Bianca Eslampour
67%
Elena Khan's little Brendan Nguyen
67%
Sophia Furnival's big, Alpha Rho PC Dev Belliappa
67%
Angie Tait's little Dylan Greher
67%
Luke's little Dylan Han
67%
Patrick Salsbury's little, current VPSA Emma Rinaldi
67%
Also in an AGC Sorority Emmie Kwong
67%
Jacob Mani and Nicolas Velazquez's big Fabrizio Cuervo Vela
67%
Austin Tran's big Farrell Sebastian Gunawan
67%
Amber Chia's big Gennaka Valarao
67%
Kaden's little Gianluca Bianchi
67%
Leandro Zheng's big Gina Um
67%
Alannah Romero's little, current President Hanson Tran
67%
Your PMom's big Hassan Bhatti
67%
Leo Fleury's big Jackson Castaldi
67%
Allyson Chan's big Jamie Elias
67%
Tammer Rayes's big Kaitlyn Chen
67%
Your PE's big, Alpha Sigma PE Luan Nguyen
67%
Yash Sharma's little Mahavir Doshi
67%
Angie Tait's little Megan Lee
67%
Monica Garcia-Santivanez's big Miki Vogel
67%
Leo Li's big, Jun Jang's little, Alpha Upsilon PMom Mirae Kim
67%
Emma Rinaldi's big Patrick Salsbury
67%
Eric Han's little Samara Rathod
67%
Luke Zheng's big Samina Hassain
67%
Austin's little Sophia Chan
67%
William Wong's big Stella Park
67%
Andrew Chen's big Tiffany Liang
67%
Alpha Sigma PC Tyler Peterson
67%
Alpha Sigma PMom, Eddy Baek's big Vivian Lin
67%
Tyler Kang's big William Dinh
67%
Alpha Rho, Alpha Tau, Alpha Upsilon PC Yogini Patel
67%
Elisha Chong's little Alannah Romero
33%
Eric Han's big Andrew Chen
33%
PMOM Anusha Malla
33%
Ian's big, current VPM Brandon Covas
33%
Anusha's grand little Brandon Taing
33%
Anushka's little Claire Yoo
33%
Angie Vo's little, VPDEI Cynthia Bui
33%
Netra Yadav's little Darshana Zala
33%
Vivian Lin's little Eddy Baek
33%
Brendan Nguyen's big Elena Khan
33%
Katrina and Samara's big Eric Han
33%
Yogini Patel's little Francesco Lombardi
33%
Sophia Kim's big Hady Chehime
33%
Kyle Lee's big Jason Le
33%
Yash Sharma's little Josue Gonzalez
33%
Brandon Taing's big Justin Kim
33%
Gina Um's big Justin Nguyen
33%
Gianluca Bianchi's big Kaden Lau
33%
Fupeng's big Karen Chen
33%
Anushka Purohit's big Ken Ogihara
33%
Jason Le's little, Oliver's grand little Kyle Lee
33%
Jackson Castaldi's little Leo Fleury
33%
Mirae Kim's little, current VPO Leo Li
33%
Dylan Han's big Luke Zheng
33%
Miki Vogel's little (last name is hyphenated) Monica Garcia-Santivanez
33%
Andrea Labbaika's big Nathaniel Marthen
33%
Eric Han's little Nhi Katrina Dinh
33%
Fabrizio's little Nicolas Velazquez
33%
Yogini Patel's twin, Aryaman Gupta's little Nikita Apte
33%
PLEDGE EDUCATOR Oliver Luong
33%
Pratham Savla's big Prashant Potluri
33%
Prashant Potluri's little Pratham Savla
33%
Arnav Ghai's little Rohan Nigam
33%
Mahavir's little, current VPAR Sara Asad
33%
Aleni Rogers' little Scarlett Jeffries
33%
Dev Belliappa's little, VPPA Sophia Furnival
33%
Hady's little, current VPR Sophia Kim
33%
Josue's little, current VPM Sophie Mandal
33%
VPSA Tammer Rayes
33%
Prashant Potluri's big, Alpha Upsilon PE Tyler Kang
33%
Brandon Covas's big William Wong
33%
Nathaniel Marthen's little Andrea Labbaika
0%
Kenneth Albaran's little Emily Luo
0%
No matching quizzes found
Score Distribution
Percent of People with Each Score
Percentile by Number Answered
Your Score History
You have not taken this quiz